| 000 | 00517nam a22001577a 4500 | ||
|---|---|---|---|
| 003 | OSt | ||
| 005 | 20150914103633.0 | ||
| 008 | 150914b xxu||||| |||| 00| 0 eng d | ||
| 040 | _cRUA | ||
| 082 | _aAGR NAM 2001 B023 Or.1 | ||
| 100 |
_9441 _aNAM, SOPHORN. |
||
| 245 | _aOyster mushroom production in siem reap province ផលិតកម្មដំណាំផ្សិតអំបោះនៅខេត្តសៀមរាប | ||
| 260 |
_aPhnom Penh _bRUA _c2001 |
||
| 300 |
_a40p. _bill. _c29cm. |
||
| 942 |
_2ddc _cAGR |
||
| 999 |
_c419 _d419 |
||